| 000 | 00681nam a2200205Ia 4500 | ||
|---|---|---|---|
| 003 | OSt | ||
| 005 | 20251230124314.0 | ||
| 008 | 220923b |||||||| |||| 00| 0 eng d | ||
| 020 | _a9780521043069 | ||
| 037 | _cTextbook | ||
| 040 |
_aRTL _cRTL _beng |
||
| 041 |
_2eng _aeng |
||
| 084 |
_aA J3/TD1 _qRTL |
||
| 100 |
_aBraithwaite, Richard Bevan _979973 |
||
| 245 | 0 |
_aScientific explanation: a study of the function of theory, probability and law in science _b |
|
| 260 |
_aCambridge _bCambridge University Press _c1953 |
||
| 300 |
_axii, 376 p. _bincludes bibliographical references and index |
||
| 942 |
_hA, J3/TD1 _cTB _2CC _n0 |
||
| 999 |
_c495148 _d495148 |
||